| 000 | 00855nam a22002537a 4500 | ||
|---|---|---|---|
| 005 | 20130401144017.0 | ||
| 010 | _aENG-105048 | ||
| 020 |
_a9788125952053 _c395.00 |
||
| 020 | _c450.00 | ||
| 035 | _aEN-88581 | ||
| 035 | _aB-491786-787 | ||
| 037 | _bDBAD/PUB | ||
| 037 | _bPrakashan Sansthan/Ven | ||
| 082 | _a001.42 | ||
| 100 | _aChawla, Deepak | ||
| 245 |
_aResearch methodology : _cby Deepak Chawla [and] Neena Sondhi _bconcepts and cases / |
||
| 260 |
_aNoida _bVikas Publishing House _c2011 |
||
| 270 |
_aE-28, Sector-8 _bNoida _e201301 |
||
| 300 |
_axxii,670p. : _c28cm(pbk) _bill. _e1CD-ROM |
||
| 500 | _aIncludes index | ||
| 700 |
_aSondhi, Neena _945592 |
||
| 942 |
_2ddc _cEN _mCHA _h001.42 |
||
| 999 |
_c65464 _d65464 |
||